00388 2200157 4500001002100000008004100021035002000062245003600082100001600118260002800134020001700162084001400179082000800193650001600201990001300217INLIS000000000001048 ind  a0010-0120001048 aSerenade Biru DindacAsma Nadia aNadia, Asma aBandung :bMizan,c2000 aNOISBN-00262 a813 NAD s a813 aNovel Fiksi a11900562